Palestra histórica hispano-americana : estudios indigenistas /

Estudio sobre la lengua nahua que revisa, por un lado, su fonética y, por otro, los problemas de su representación gráfica y su ortografía, que presenta diferencias importantes en las diversas obras que la abordan.

Tallennettuna:
Bibliografiset tiedot
Päätekijä: Martínez Hernández, José (autor)
Aineistotyyppi: Kirja
Kieli:espanja
Julkaistu: México : editorial no identificada, 1963, c1963
Aiheet:
Tagit: Lisää tagi
Ei tageja, Lisää ensimmäinen tagi!

MARC

LEADER 00000nam^a2200000^a^4500
001 000303712
005 20250526000000.0
009 20260310112655.584
037 |a Acervo ITESO - Biblioteca 
041 |a ESP 
082 |a 497. 452  |b MAR 
100 |a Martínez Hernández, José  |e (autor) 
245 1 0 |a Palestra histórica hispano-americana :  |b estudios indigenistas /  |c J. Martínez Hernández. 
264 4 |a México :  |b editorial no identificada,  |c 1963, c1963 
300 |a 262 p. ;  |c cm. 
520 |a Estudio sobre la lengua nahua que revisa, por un lado, su fonética y, por otro, los problemas de su representación gráfica y su ortografía, que presenta diferencias importantes en las diversas obras que la abordan. 
649 |a XX 
650 |a Jeroglíficos -  |z México -  |x Tema Principal 
650 |a Nahua -  |x Pronunciación 
650 |a Nahua -  |x Tema Principal 
650 |a Lenguas Indígenas -  |z México 
650 |a Fonética 
650 |a Sintaxis 
650 |a Gramática 
650 |a Comunicación Escrita 
650 |a Comunicación Oral 
650 |a Comunicación Verbal 
650 |a Lingüística 
910 |a Fondo Salvador Reynoso Reynoso 
920 |a Impresos - Libros 
930 |a Libros Antiguos y Raros 
905 |a 108 
901 |a 0500189932  |b IT2  |c LRA  |u 20250526 
902 |a https://opac.biblio.iteso.mx/vufind/Record/000303712